Statistics for English FA Cup Final Scorers (since 1980)

Click here to take the quiz!

General Stats

  • This quiz has been taken 112 times
    (73 since last reset)
  • The average score is 46 of 92

Answer Stats

Year Team Scorer % Correct
2006-2007ChelseaDidier Drogba
95%
2008-2009ChelseaDidier Drogba
95%
2009-2010ChelseaDidier Drogba
95%
2011-2012ChelseaDidier Drogba
95%
1989-1990Crystal Palace x2Ian Wright
93%
1992-1993Arsenal x2Ian Wright
93%
2000-2001Liverpool x2Michael Owen
90%
2005-2006Liverpool x2Steven Gerrard
86%
1985-1986Liverpool x2Ian Rush
79%
1988-1989LiverpoolIan Rush
79%
1991-1992LiverpoolIan Rush
79%
2008-2009ChelseaFrank Lampard
78%
2014-2015ArsenalAlexis Sanchez
76%
1985-1986EvertonGary Lineker
76%
1987-1988WimbledonLawrie Sanchez
76%
1995-1996Manchester UnitedEric Cantona
76%
1993-1994Manchester United x2Eric Cantona
76%
2016-2017ArsenalAlexis Sanchez
74%
1993-1994Manchester UnitedMark Hughes
74%
1989-1990Manchester UnitedMark Hughes
74%
1998-1999Manchester UnitedTeddy Sheringham
72%
1980-1981Tottenham Hotspur x2Ricardo Villa
71%
1998-1999Manchester UnitedPaul Scholes
71%
1979-1980West Ham UnitedTrevor Brooking
71%
1982-1983Manchester United x2Bryan Robson
67%
1989-1990Manchester UnitedBryan Robson
67%
1981-1982Tottenham Hotspur x2Glenn Hoddle
66%
1982-1983Manchester UnitedNorman Whiteside
64%
1984-1985Manchester UnitedNorman Whiteside
64%
1996-1997ChelseaRoberto Di Matteo
62%
1999-2000ChelseaRoberto Di Matteo
62%
1994-1995EvertonPaul Rideout
60%
2003-2004Manchester United x2Ruud Van Nistelrooy
59%
2003-2004Manchester UnitedCristiano Ronaldo
55%
1997-1998ArsenalNicolas Anelka
52%
2007-2008PortsmouthNwankwo Kanu
52%
1986-1987Tottenham HotspurClive Allen
52%
1992-1993Sheffield WednesdayChris Waddle
50%
1982-1983Manchester UnitedRay Wilkins
50%
2016-2017ArsenalAaron Ramsey
48%
1980-1981Manchester CityTommy Hutchison
48%
1983-1984EvertonAndy Gray
48%
2013-2014ArsenalAaron Ramsey
48%
2015-2016Manchester UnitedJesse Lingard
47%
1982-1983Brighton & Hove AlbionGordon Smith
47%
1986-1987Coventry CityKeith Houchen
47%
2002-2003ArsenalRobert Pires
47%
2012-2013Wigan AthleticBen Watson
47%
1989-1990Manchester UnitedLee Martin
47%
2001-2002ArsenalRay Parlour
47%
1983-1984EvertonGreame Sharp
45%
1990-1991Nottingham ForestStuart Pearce
45%
2017-2018ChelseaEden Hazard
43%
1988-1989LiverpoolJohn Aldridge
43%
1986-1987Coventry CityDave Bennett
43%
1988-1989EvertonStuart McCall
43%
1985-1986LiverpoolCraig Johnston
41%
1993-1994Manchester UnitedBrian McClair
40%
1997-1998ArsenalMarc Overmars
40%
2010-2011Manchester CityYaya Toure
38%
1991-1992LiverpoolMichael Thomas
38%
1986-1987Tottenham HotspurGary Mabbutt
38%
1992-1993Sheffield WednesdayDavid Hirst
36%
2008-2009EvertonLouis Saha
36%
1980-1981Tottenham HotspurGarth Crooks
34%
2001-2002ArsenalFreddie Ljungberg
34%
2000-2001ArsenalFreddie Ljungberg
34%
1992-1993ArsenalAndy Linighan
31%
1980-1981Manchester CitySteve Mackenzie
31%
2005-2006West Ham UnitedPaul Konchesky
29%
2014-2015ArsenalOlivier Giroud
29%
2011-2012LiverpoolAndy Carroll
29%
2005-2006West Ham UnitedDean Ashton
29%
1982-1983Manchester UnitedFrank Stapleton
28%
1981-1982Queens Park RangersTerry Fenwick
28%
2015-2016Manchester UnitedJuan Mata
28%
2005-2006LiverpoolDjibril Cisse
28%
1990-1991Tottenham HotspurPaul Stewart
28%
1982-1983Brighton & Hove AlbionGary Stevens
24%
2016-2017ChelseaDiego Costa
24%
2014-2015ArsenalTheo Walcott
24%
1980-1981Manchester CityKevin Reeves
21%
1996-1997ChelseaEddie Newton
21%
2015-2016Crystal PalaceJason Puncheon
19%
2013-2014Hull CityCurtis Davies
16%
2014-2015ArsenalPer Mertesacker
16%
2013-2014ArsenalSanti Cazorla
16%
1982-1983Manchester UnitedArnold Muhren
14%
1989-1990Crystal PalaceGary O'Reilly
12%
2013-2014Hull CityJames Chester
10%
2013-2014ArsenalLaurent Koscielny
9%
2011-2012ChelseaRamires
3%

Score Distribution

Percentile by Number Answered

Percent of People with Each Score

Your Score History

You have not taken this quiz since the last reset